|
|
|
|
| LEADER |
00000nam0a2200000 4500 |
| 001 |
299101 |
| 005 |
20231102001153.0 |
| 035 |
|
|
|a (RuTPU)RU\TPU\book\324253
|
| 090 |
|
|
|a 299101
|
| 100 |
|
|
|a 20150624d1970 m y0rusy50 ca
|
| 101 |
0 |
|
|a rus
|
| 102 |
|
|
|a RU
|
| 105 |
|
|
|a a z 001zy
|
| 200 |
1 |
|
|a Окна ТАСС : 1941-1945
|e альбом
|f сост. Н. Денисовский
|
| 210 |
|
|
|a Москва
|c Изобразительное искусство
|d 1970
|
| 215 |
|
|
|a 135 с.
|c ил.
|
| 320 |
|
|
|a Список иллюстраций: с. 130-133
|
| 606 |
1 |
|
|a Плакаты
|2 stltpush
|3 (RuTPU)RU\TPU\subj\48975
|9 67789
|
| 610 |
1 |
|
|a альбомы
|
| 610 |
1 |
|
|a плакаты
|
| 610 |
1 |
|
|a художники
|
| 610 |
1 |
|
|a Великая Отечественная война 1941-1945
|
| 610 |
1 |
|
|a агитплакат
|
| 610 |
1 |
|
|a агитационное искусство
|
| 610 |
1 |
|
|a 20 век
|
| 610 |
1 |
|
|a Окна ТАСС
|
| 675 |
|
|
|a 769(089)
|v 4
|
| 702 |
|
1 |
|a Денисовский
|b Н.
|4 220
|
| 801 |
|
1 |
|a RU
|b 63413507
|c 20150624
|
| 801 |
|
2 |
|a RU
|b 63413507
|c 20210326
|g RCR
|
| 942 |
|
|
|c BK
|